00599nam a2200193Ia 4500003000900000008004100009020001800050040001600068080002300084245008800107260003700195300001400232490005100246650001400297650002200311650002200333700002500355700002500380IN-BaIIA211028s9999 xx 000 0 eng d a0-7923-6210-1 cIIA Library a52(082.1)bASS-244 4aThe Universebvisions and perspectivescedited by Naresh Dadhich and Ajit Kembhavi aDordrechtbKluwer Academicc2000 axi, 343p. aAstrophysics and space science library; v. 244 aCosmology aInfrared galaxies aQuantum mechanics aDadhich, Naresh, ed. aKembhavi, Ajit., ed.